00619 2200217 4500001002100000005001500021035002000036007000300056008004100059020001800100082001200118084001800130100002100148245007600169250001000245260004500255300003600300650002400336711003000360990001100390INLIS00000000000780220210331101339 a0010-0321001172ta210331 g 1 ind  a979-407-735-6 a813.087 a813.087 WAC m0 aWACIH, K.Tarsidi1 aMenuju Kemenangan /cWacih K. Tarsidi; editor, Tim Editor Balai Pustaka acet.5 aJakarta :bTemprina Media Grafika,c2011 aviii, 56 hal. :bilus. ;c21 cm 4aCERITA KEPAHLAWANAN0 aTIM, Editor Balai Pustaka a8024 a